[Event "Olympiad Women-44"]
[Site "Chennai"]
[Date "2022.08.03"]
[Round "6.3"]
[White "Munoz Santana, Doribel"]
[Black "Avila Fraire, Ameyalli"]
[Result "1/2-1/2"]
[WhiteElo "1851"]
[BlackElo "1907"]
[PlyCount "78"]
[EventDate "2022.07.29"]
[EventType "team-swiss"]
[EventRounds "11"]
[EventCountry "IND"]
[SourceTitle "CBM 210"]
[Source "ChessBase"]
[SourceDate "2022.10.31"]
[SourceVersion "1"]
[SourceVersionDate "2022.10.31"]
[SourceQuality "1"]
[WhiteTeam "Dominican Republic (W)"]
[BlackTeam "Mexico (W)"]
[WhiteTeamCountry "DOM"]
[BlackTeamCountry "MEX"]

1. d4 Nf6 2. Nf3 d5 3. e3 e6 4. Bd3 c5 5. c3 Nc6 6. 0-0 b6 7. Nbd2 Bb7 8. Re1 Be7 9. b3 0-0 10. Bb2 Rc8 11. Rc1 Bd6 12. e4 dxe4 13. Nxe4 cxd4 14. Nxd6 Qxd6 15. cxd4 Nb4 16. Rxc8 Rxc8 17. Bb1 Nbd5 18. Qd2 Qf4 19. Rc1 Rxc1+ 20. Bxc1 Qxd2 21. Bxd2 Ne8 22. Bd3 Nd6 23. Ne1 Nf5 24. Nc2 Nh4 25. f3 g6 26. Kf2 Nf5 27. g4 Nfe7 28. Be4 Ba6 29. Nb4 Nxb4 30. Bxb4 Nd5 31. Bxd5 exd5 32. g5 Kg7 33. Bd6 Bd3 34. Bb8 a6 35. Be5+ Kf8 36. Bf6 Ke8 37. Ke3 Bb1 38. a3 Kd7 39. Kd2 Bf5 1/2-1/2

[Event "DOM-ch (Women)"]
[Site "Santo Domingo"]
[Date "2022.02.25"]
[Round "1"]
[White "Martinez Jimenez, Manyeli"]
[Black "Munoz Santana, Doribel"]
[Result "0-1"]
[WhiteElo "1522"]
[BlackElo "1835"]
[PlyCount "70"]
[EventDate "2022.02.25"]
[EventType "swiss"]
[EventRounds "8"]
[EventCountry "DOM"]
[SourceTitle "EXT 2023"]
[Source "ChessBase"]
[SourceDate "2022.10.05"]
[SourceVersion "1"]
[SourceVersionDate "2022.10.05"]
[SourceQuality "1"]

1. d4 Nf6 2. c4 e6 3. Nc3 Be7 4. e4 0-0 5. Bd3 d6 6. e5 Nfd7 7. Nf3 dxe5 8. dxe5 Nc5 9. Bc2 Qxd1+ 10. Nxd1 Nc6 11. a3 Rd8 12. 0-0 Nd3 13. Bxd3 Rxd3 14. Be3 b6 15. b4 Bb7 16. Nb2 Rd7 17. b5 Na5 18. Nd4 Rad8 19. Rfd1 c5 20. bxc6 Nxc6 21. Nf3 Rxd1+ 22. Nxd1 Bxa3 23. h3 Bb4 24. Nb2 Bc3 25. Rb1 Nxe5 26. Nxe5 Bxe5 27. c5 Be4 28. Rd1 Rxd1+ 29. Nxd1 bxc5 30. Bxc5 a5 31. Ne3 a4 32. Ba3 f5 33. Kf1 Kf7 34. f3 Bd3+ 35. Ke1 Bc3+ 0-1

[Event "DOM-ch (Women)"]
[Site "Santo Domingo"]
[Date "2021.04.17"]
[Round "7"]
[White "Munoz Santana, Doribel"]
[Black "Martinez Jimenez, Manyeli"]
[Result "1-0"]
[WhiteElo "1832"]
[BlackElo "1379"]
[PlyCount "109"]
[EventDate "2021.04.09"]
[EventType "swiss"]
[EventRounds "8"]
[EventCountry "DOM"]
[SourceTitle "CBM 202 Extra"]
[Source "ChessBase"]
[SourceDate "2021.07.31"]
[SourceVersion "1"]
[SourceVersionDate "2021.07.31"]
[SourceQuality "1"]

1. d4 d5 2. Nf3 Nf6 3. g3 e6 4. Bg2 Be7 5. 0-0 0-0 6. c4 Nbd7 7. Nbd2 b6 8. Qc2 Bb7 9. Re1 Rc8 10. Qa4 a6 11. Ne5 c5 12. Nxd7 Qxd7 13. Qxd7 Nxd7 14. cxd5 Bxd5 15. e4 Ba8 16. d5 exd5 17. exd5 Bf6 18. Ne4 Rce8 19. Nxf6+ Nxf6 20. Rd1 Re5 21. Bf4 Re2 22. Rab1 h6 23. Bf1 Re4 24. Bg2 Rd4 25. Be5 Rxd1+ 26. Rxd1 Nd7 27. Bc7 b5 28. Bh3 f5 29. Bd6 Rf7 30. Bg2 c4 31. Re1 Nf6 32. Re5 Rd7 33. Bb4 Bxd5 34. Rxf5 Be6 35. Re5 Bf7 36. Bf3 Bd5 37. Be2 Kf7 38. f3 Be6 39. Be1 Rd4 40. a4 Rd5 41. Rxd5 Nxd5 42. axb5 axb5 43. Kf2 Kf6 44. f4 Kf5 45. Kf3 Kf6 46. g4 g6 47. Bf2 Kf7 48. Be1 Nf6 49. h3 Nd5 50. Ke4 Kf6 51. Bd2 g5 52. f5 Bf7 53. Bf1 Bg8 54. Kd4 Bf7 55. Kc5 1-0

[Event "DOM-ch (Women)"]
[Site "Santo Domingo"]
[Date "2021.04.10"]
[Round "2"]
[White "Cabreja Lora, Suzette"]
[Black "Munoz Santana, Doribel"]
[Result "0-1"]
[WhiteElo "1640"]
[BlackElo "1832"]
[PlyCount "72"]
[EventDate "2021.04.09"]
[EventType "swiss"]
[EventRounds "8"]
[EventCountry "DOM"]
[SourceTitle "CBM 202 Extra"]
[Source "ChessBase"]
[SourceDate "2021.07.31"]
[SourceVersion "1"]
[SourceVersionDate "2021.07.31"]
[SourceQuality "1"]

1. e4 d5 2. exd5 Qxd5 3. d4 Qd8 4. Nf3 Nf6 5. Be2 Bg4 6. h3 Bh5 7. g4 Bg6 8. Ne5 Be4 9. f3 Bg6 10. Nxg6 hxg6 11. Be3 Qd6 12. Bf2 Nc6 13. c3 e6 14. Nd2 Nd5 15. Ne4 Qd7 16. Qd2 Be7 17. 0-0-0 a6 18. Bg3 b6 19. f4 f5 20. Ng5 b5 21. a3 Na5 22. Kc2 Nc4 23. Bxc4 bxc4 24. Qe2 Bxg5 25. fxg5 f4 26. Bf2 Qa4+ 27. Kd2 Kf7 28. Qe5 Rab8 29. Rb1 Rb6 30. h4 Rhb8 31. Qe4 Rxb2+ 32. Kc1 Rxb1+ 33. Qxb1 Qxa3+ 34. Kd2 Qxc3+ 35. Ke2 Rxb1 36. Rxb1 Qd3+ 0-1

[Event "DOM-ch (Women)"]
[Site "Santo Domingo"]
[Date "2021.04.09"]
[Round "1"]
[White "Munoz Santana, Doribel"]
[Black "Pachano Hernandez, Altagracia Maria"]
[Result "1-0"]
[WhiteElo "1832"]
[BlackElo "1476"]
[PlyCount "53"]
[EventDate "2021.04.09"]
[EventType "swiss"]
[EventRounds "8"]
[EventCountry "DOM"]
[SourceTitle "CBM 202 Extra"]
[Source "ChessBase"]
[SourceDate "2021.07.31"]
[SourceVersion "1"]
[SourceVersionDate "2021.07.31"]
[SourceQuality "1"]

1. d4 d5 2. Nf3 Nf6 3. Bg5 Nbd7 4. e3 h6 5. Bh4 e6 6. c4 c6 7. c5 Be7 8. Bd3 b6 9. b4 bxc5 10. bxc5 Qa5+ 11. Nbd2 Ba6 12. Qe2 Bxd3 13. Qxd3 Ng8 14. Bg3 f6 15. 0-0 e5 16. Qg6+ Kd8 17. Nb3 Nf8 18. Qxg7 Rh7 19. Qxg8 Qa6 20. dxe5 fxe5 21. Nxe5 Qc8 22. Nd4 Bxc5 23. Nexc6+ Ke8 24. Qxd5 Bxd4 25. exd4 Ng6 26. Rfe1+ Kf8 27. Bd6+ 1-0

[Event "DOM-ch (Women)"]
[Site "Santo Domingo"]
[Date "2019.03.02"]
[Round "3"]
[White "Villar Acevedo, Darlin Rocio"]
[Black "Munoz Santana, Doribel"]
[Result "1/2-1/2"]
[WhiteElo "1732"]
[BlackElo "1864"]
[PlyCount "30"]
[EventDate "2019.03.01"]
[EventType "swiss"]
[EventRounds "8"]
[EventCountry "DOM"]
[SourceTitle "CBM 189 Extra"]
[Source "ChessBase"]
[SourceDate "2019.06.03"]
[SourceVersion "1"]
[SourceVersionDate "2019.06.03"]
[SourceQuality "1"]

1. e4 e5 2. Nf3 Nc6 3. Bb5 d6 4. d3 Nf6 5. 0-0 h6 6. Nc3 a6 7. Ba4 Be7 8. Bd2 0-0 9. Bb3 Na5 10. Re1 Nxb3 11. axb3 Bg4 12. Be3 Qd7 13. Nb1 d5 14. exd5 Qxd5 15. Nbd2 Rfe8 1/2-1/2

[Event "DOM-ch (Women)"]
[Site "Santo Domingo"]
[Date "2018.03.16"]
[Round "5"]
[White "Munoz Santana, Doribel"]
[Black "Cabreja Lora, Suzette"]
[Result "1-0"]
[WhiteElo "1908"]
[BlackElo "1678"]
[PlyCount "77"]
[EventDate "2018.03.09"]
[EventType "swiss"]
[EventRounds "8"]
[EventCountry "DOM"]
[SourceTitle "CBM 183 Extra"]
[Source "ChessBase"]
[SourceDate "2018.04.19"]
[SourceVersion "1"]
[SourceVersionDate "2018.04.19"]
[SourceQuality "1"]

1. e4 c5 2. Nc3 Nc6 3. g3 g6 4. Bg2 Bg7 5. d3 d6 6. Be3 e5 7. Qd2 Nge7 8. Bh6 0-0 9. h4 Be6 10. h5 f5 11. hxg6 hxg6 12. Nf3 Qd7 13. Bxg7 Kxg7 14. Ng5 Rh8 15. 0-0-0 a6 16. Nxe6+ Qxe6 17. Nd5 Rab8 18. Qg5 Nxd5 19. exd5 Qe7 20. Qe3 Na7 21. f4 Rxh1 22. Rxh1 Rh8 23. Re1 Kf6 24. Qf3 Nc8 25. g4 b5 26. gxf5 gxf5 27. Qg3 c4 28. Qg5+ Kf7 29. Qxf5+ Qf6 30. Qd7+ Ne7 31. Kb1 exf4 32. Qg4 cxd3 33. cxd3 Ng6 34. Re6 Qg7 35. Qf5+ Kg8 36. Rxg6 Qxg6 37. Qxg6+ Kf8 38. Qxd6+ Ke8 39. Qe5+ 1-0

[Event "DOM-ch (Women)"]
[Site "Santo Domingo"]
[Date "2018.03.11"]
[Round "4"]
[White "Yege Pena, Ayesha Diane"]
[Black "Munoz Santana, Doribel"]
[Result "0-1"]
[WhiteElo "1488"]
[BlackElo "1908"]
[PlyCount "52"]
[EventDate "2018.03.09"]
[EventType "swiss"]
[EventRounds "8"]
[EventCountry "DOM"]
[SourceTitle "CBM 183 Extra"]
[Source "ChessBase"]
[SourceDate "2018.04.19"]
[SourceVersion "1"]
[SourceVersionDate "2018.04.19"]
[SourceQuality "1"]

1. e4 e5 2. Nf3 Nc6 3. d4 exd4 4. Nxd4 Bc5 5. Be3 Bb6 6. Nxc6 bxc6 7. Bd4 Bxd4 8. Qxd4 Qf6 9. e5 Qe7 10. Be2 a5 11. Nc3 Qb4 12. Qxb4 axb4 13. Ne4 Ne7 14. Bc4 Ng6 15. 0-0-0 Nxe5 16. Bb3 0-0 17. f4 Ng4 18. h3 Ne3 19. Rd2 d5 20. Re2 Nf5 21. Rhe1 Nd4 22. Rd2 Nxb3+ 23. Kb1 Nxd2+ 24. Nxd2 Be6 25. Nf3 Rfe8 26. Ne5 d4 0-1

[Event "DOM-ch (Women)"]
[Site "Santo Domingo"]
[Date "2016.04.03"]
[Round "8"]
[White "Munoz Santana, Doribel"]
[Black "Almanzar Vasquez, Jennifer Maria"]
[Result "1/2-1/2"]
[WhiteElo "1897"]
[BlackElo "1748"]
[PlyCount "20"]
[EventDate "2016.03.18"]
[EventType "swiss"]
[EventRounds "8"]
[EventCountry "DOM"]
[SourceTitle "CBM 171 Extra"]
[Source "ChessBase"]
[SourceDate "2016.04.26"]
[SourceVersion "1"]
[SourceVersionDate "2016.04.26"]
[SourceQuality "1"]

1. d4 Nf6 2. Nf3 e6 3. e3 Be7 4. c4 b6 5. Nc3 Bb7 6. Be2 0-0 7. 0-0 d6 8. b3 Nbd7 9. Bb2 Rc8 10. Qd2 a6 1/2-1/2

[Event "DOM-ch (Women)"]
[Site "Santo Domingo"]
[Date "2016.04.02"]
[Round "6"]
[White "Hazim Gonzalez, Elizabeth"]
[Black "Munoz Santana, Doribel"]
[Result "1/2-1/2"]
[WhiteElo "1861"]
[BlackElo "1897"]
[PlyCount "136"]
[EventDate "2016.03.18"]
[EventType "swiss"]
[EventRounds "8"]
[EventCountry "DOM"]
[SourceTitle "CBM 171 Extra"]
[Source "ChessBase"]
[SourceDate "2016.04.26"]
[SourceVersion "1"]
[SourceVersionDate "2016.04.26"]
[SourceQuality "1"]

1. e4 g6 2. d4 Bg7 3. Nf3 d6 4. Nc3 b6 5. Bc4 e6 6. 0-0 Ne7 7. Bg5 h6 8. Bh4 g5 9. Bg3 Bb7 10. Re1 Nd7 11. Qd3 Ng6 12. e5 g4 13. exd6 gxf3 14. Bxe6 0-0 15. dxc7 Qc8 16. Bb3 Nh8 17. Re7 Re8 18. Rae1 Rxe7 19. Rxe7 Bf6 20. Re1 fxg2 21. Ne4 Ba6 22. Qe3 Bg7 23. Nd6 Qf8 24. Bd5 Nf6 25. Bxg2 Rc8 26. Nxc8 Bxc8 27. Bc6 Ng6 28. c4 h5 29. h4 Qb4 30. Qc1 Kh7 31. a3 Qa5 32. Bb5 Bh6 33. Re3 Bf8 34. b4 Bxb4 35. axb4 Qxb4 36. Be5 Ng4 37. Re2 Nxh4 38. Qc2+ f5 39. Qb2 Qf8 40. Bg3 Qf6 41. d5 Nf3+ 42. Kg2 Nd4 43. Re1 f4 44. Re4 fxg3 45. Qxd4 Qh4 46. Rxg4 hxg4 47. Qe4+ Kg7 48. Qd4+ Qf6 49. Qxf6+ Kxf6 50. Kxg3 Ke7 51. Kf4 Kd6 52. Ke4 Kxc7 53. Ke5 a6 54. Be8 a5 55. d6+ Kd8 56. Bb5 Bb7 57. Kd4 Bf3 58. c5 bxc5+ 59. Kxc5 Bd1 60. Bc6 a4 61. Kb4 Bc2 62. Kc3 Bd1 63. Kb4 Bc2 64. Bb5 Bd1 65. Ka3 Kc8 66. Bc6 Kd8 67. Bb5 Kc8 68. Bc6 Kd8 1/2-1/2

[Event "Olympiad Women-40"]
[Site "Istanbul"]
[Date "2012.09.06"]
[Round "9.3"]
[White "Munoz Santana, Doribel"]
[Black "Rodriguez Arrieta, Maria Elena"]
[Result "1/2-1/2"]
[WhiteElo "1933"]
[BlackElo "1738"]
[PlyCount "68"]
[EventDate "2012.08.28"]
[EventType "team-swiss"]
[EventRounds "11"]
[EventCountry "TUR"]
[SourceTitle "CBM 150 Extra"]
[Source "ChessBase"]
[SourceDate "2012.10.19"]
[SourceVersion "1"]
[SourceVersionDate "2012.10.19"]
[SourceQuality "1"]
[WhiteTeam "Dominican Rep (W)"]
[BlackTeam "Costa Rica (W)"]
[WhiteTeamCountry "DOM"]
[BlackTeamCountry "CRI"]

1. e4 e5 2. Nc3 Nf6 3. g3 d5 4. exd5 Nxd5 5. Bg2 Nxc3 6. bxc3 Bd6 7. Ne2 0-0 8. 0-0 c5 9. c4 Nc6 10. Nc3 Be6 11. d3 f5 12. Rb1 Qd7 13. Re1 Rac8 14. a3 b6 15. Bb2 Bb8 16. Nd5 f4 17. Be4 Qf7 18. f3 fxg3 19. hxg3 Nd4 20. Kg2 Bd6 21. Bc1 Bf5 22. Rf1 Bxe4 23. fxe4 Qxf1+ 24. Qxf1 Rxf1 25. Kxf1 Nxc2 26. Bb2 Rf8+ 27. Kg2 h5 28. Rc1 Nd4 29. Bxd4 cxd4 30. a4 g5 31. Rh1 h4 32. gxh4 gxh4 33. Rxh4 Rf7 34. Rh6 Bb8 1/2-1/2

[Event "Olympiad Women-40"]
[Site "Istanbul"]
[Date "2012.08.31"]
[Round "4.2"]
[White "Chen, I Chen"]
[Black "Munoz Santana, Doribel"]
[Result "0-1"]
[WhiteElo "1684"]
[BlackElo "1933"]
[PlyCount "112"]
[EventDate "2012.08.28"]
[EventType "team-swiss"]
[EventRounds "11"]
[EventCountry "TUR"]
[SourceTitle "CBM 150 Extra"]
[Source "ChessBase"]
[SourceDate "2012.10.19"]
[SourceVersion "1"]
[SourceVersionDate "2012.10.19"]
[SourceQuality "1"]
[WhiteTeam "Taiwan (W)"]
[BlackTeam "Dominican Rep (W)"]
[WhiteTeamCountry "TPE"]
[BlackTeamCountry "DOM"]

1. e4 e5 2. Nf3 d6 3. d4 Nd7 4. Bc4 Be7 5. c3 Ngf6 6. Nbd2 0-0 7. 0-0 h6 8. Re1 c6 9. Bb3 Re8 10. Nf1 Qc7 11. Ng3 Nf8 12. Nh4 Be6 13. Nhf5 Bxb3 14. axb3 Ng6 15. Qf3 Kh7 16. h4 Ng8 17. Nxg7 Kxg7 18. h5 Nh4 19. Qg4+ Kh8 20. Nf5 Nxf5 21. Qxf5 Bf8 22. g4 Qc8 23. Qxf7 Qxg4+ 24. Kf1 Re7 25. Qf5 Qxf5 26. exf5 exd4 27. Bf4 Rf7 28. Re6 Rxf5 29. Bxd6 Bxd6 30. Rxd6 Rxh5 31. Ke2 Re5+ 32. Kd3 dxc3 33. bxc3 Rd5+ 34. Rxd5 cxd5 35. Kd4 Nf6 36. b4 Kg7 37. Re1 Kf7 38. f3 a6 39. Rh1 h5 40. Rg1 h4 41. Rh1 Rc8 42. Rh2 Kg6 43. Re2 Rc4+ 44. Kd3 Kf5 45. Rh2 Kf4 46. Rxh4+ Kxf3 47. Rxc4 dxc4+ 48. Kxc4 b6 49. Kd4 Kf4 50. c4 Kf5 51. c5 b5 52. c6 Ke6 53. c7 Kd7 54. c8Q+ Kxc8 55. Kc5 Kb7 56. Kd6 Kb6 0-1

[Event "Olympiad Women-39"]
[Site "Khanty-Mansiysk"]
[Date "2010.09.24"]
[Round "4.38"]
[White "Pasku, Roela"]
[Black "Munoz Santana, Doribel"]
[Result "1-0"]
[WhiteElo "1912"]
[BlackElo "1931"]
[PlyCount "63"]
[EventDate "2010.09.21"]
[EventType "team-swiss"]
[EventRounds "11"]
[EventCountry "RUS"]
[SourceTitle "CBM 139"]
[Source "ChessBase"]
[SourceDate "2010.11.18"]
[SourceVersion "1"]
[SourceVersionDate "2010.11.18"]
[SourceQuality "1"]
[WhiteTeam "Albania (W)"]
[BlackTeam "Dominican Rep (W)"]
[WhiteTeamCountry "ALB"]
[BlackTeamCountry "DOM"]

1. d4 d5 2. c4 Nf6 3. cxd5 Qxd5 4. Nc3 Qh5 5. h3 c6 6. Nf3 e6 7. a3 Be7 8. e4 Qa5 9. Bd3 0-0 10. 0-0 h6 11. Bf4 Nbd7 12. Qc2 Nh5 13. Bh2 f5 14. b4 Qd8 15. exf5 exf5 16. Bxf5 Rxf5 17. Qxf5 Ndf6 18. Qe5 g6 19. Rad1 a5 20. d5 axb4 21. d6 Bf8 22. axb4 Kf7 23. Rfe1 Bd7 24. Qe3 Ra3 25. Qd4 Bg7 26. Ne5+ Kg8 27. g4 Nxg4 28. hxg4 Nf6 29. Qc4+ Kh7 30. Qd3 Nxg4 31. Qxg6+ Kh8 32. Nf7+ 1-0

[Event "Olympiad Women-38"]
[Site "Dresden"]
[Date "2008.11.17"]
[Round "5"]
[White "Munoz Santana, Doribel"]
[Black "Rocha, Valquiria"]
[Result "1-0"]
[WhiteElo "1917"]
[BlackElo "1824"]
[PlyCount "103"]
[EventDate "2008.11.13"]
[EventType "team-swiss"]
[EventRounds "11"]
[EventCountry "GER"]
[SourceTitle "CBM 128"]
[Source "ChessBase"]
[SourceDate "2009.01.28"]
[SourceVersion "1"]
[SourceVersionDate "2009.01.28"]
[SourceQuality "1"]
[WhiteTeam "Dominican Rep (W)"]
[BlackTeam "Angola (W)"]
[WhiteTeamCountry "DOM"]
[BlackTeamCountry "ANG"]

1. e4 e5 2. Nf3 Nc6 3. Bc4 Bc5 4. c3 d6 5. h3 Nf6 6. d3 h6 7. 0-0 Na5 8. Bb5+ Nc6 9. d4 exd4 10. cxd4 Bb6 11. d5 Bd7 12. dxc6 bxc6 13. Ba4 0-0 14. e5 Ne4 15. Nc3 Ng3 16. Re1 d5 17. Be3 Nf5 18. Bxb6 cxb6 19. Nd4 b5 20. Nxf5 Bxf5 21. Bc2 Bd7 22. Qd3 g6 23. Ne2 Qh4 24. Ng3 Rfe8 25. a4 a6 26. Qd2 h5 27. b4 Kg7 28. Qc3 Be6 29. Bd3 Rac8 30. Qb2 Qg5 31. Kh1 Red8 32. Qd4 Qh6 33. Ne2 g5 34. Ng3 Rc7 35. Qb6 Rdc8 36. Nf5+ Bxf5 37. Bxf5 g4 38. Bxc8 Rxc8 39. Qd4 Kf8 40. Qc5+ Kg7 41. Re3 Qf4 42. Rf1 Kh6 43. Qd6+ Kh7 44. Qd7 Rg8 45. g3 Qc4 46. Qxf7+ Rg7 47. Qf5+ Kg8 48. Qb1 d4 49. Rd3 Qd5+ 50. Kh2 gxh3 51. Qb3 Qxb3 52. Rxb3 1-0

[Event "Santo Domingo zt 2.3 (Women)"]
[Site "Santo Domingo"]
[Date "2007.06.08"]
[Round "11"]
[White "Munoz Santana, Doribel"]
[Black "Zepeda, Lorena"]
[Result "1/2-1/2"]
[WhiteElo "1938"]
[BlackElo "2167"]
[PlyCount "241"]
[EventDate "2007.05.29"]
[EventType "tourn"]
[EventRounds "13"]
[EventCountry "DOM"]
[SourceTitle "CBM 118 Extra"]
[Source "ChessBase"]
[SourceDate "2007.07.04"]
[SourceVersion "1"]
[SourceVersionDate "2007.07.04"]
[SourceQuality "1"]

1. e4 c5 2. d3 g6 3. g3 Bg7 4. Bg2 e5 5. Ne2 Ne7 6. 0-0 0-0 7. Nd2 d6 8. f4 exf4 9. Nxf4 Nbc6 10. c3 Ne5 11. Nf3 Bg4 12. h3 Bxf3 13. Bxf3 Nxf3+ 14. Qxf3 Nc6 15. Be3 b5 16. Nd5 f5 17. Qg2 Ne5 18. exf5 gxf5 19. Qd2 Rf7 20. Bg5 Qd7 21. Rad1 Re8 22. Qg2 h6 23. Bc1 Kh8 24. d4 cxd4 25. Rxd4 Rg8 26. Rdd1 Bf8 27. Kh2 Qe6 28. a3 Rfg7 29. Nf4 Qf7 30. Rg1 Qc4 31. Rd4 Qf7 32. Qe2 Qb7 33. Nd5 Rg6 34. Qh5 Qf7 35. Qe2 Re6 36. Qf2 Reg6 37. Nf4 R6g7 38. Nd3 Nc6 39. Bxh6 Rg6 40. Bxf8 Nxd4 41. Qxd4+ Qf6 42. Bxd6 Qxd4 43. Be5+ Qxe5 44. Nxe5 Re6 45. Nf3 Re2+ 46. Rg2 Rxg2+ 47. Kxg2 f4 48. g4 Re8 49. Kf2 Re3 50. h4 a6 51. Ng1 Rg3 52. g5 Rd3 53. Ke2 Re3+ 54. Kf2 Kh7 55. Ne2 Rh3 56. Nxf4 Rxh4 57. Ke3 Rh2 58. Nd3 Kg6 59. c4 Rh3+ 60. Kd4 Rh4+ 61. Kd5 bxc4 62. Ne5+ Kf5 63. Nxc4 Kxg5 64. Kc5 Kf5 65. b4 Ke6 66. a4 Rh5+ 67. Kb6 Rh6 68. Kc5 Rh5+ 69. Kb6 Kd5 70. Na5 Rh6+ 71. Kc7 Kd4 72. b5 axb5 73. axb5 Kc5 74. Nb7+ Kxb5 75. Nd6+ Kc5 76. Nb7+ Kd5 77. Nd8 Rh7+ 78. Kb6 Rd7 79. Nb7 Re7 80. Nc5 Re1 81. Na4 Ra1 82. Kb5 Rb1+ 83. Ka5 Kc6 84. Nc3 Rb8 85. Ka4 Kc5 86. Ka3 Kc4 87. Na2 Rb1 88. Ka4 Rb3 89. Nc1 Rb1 90. Na2 Rb8 91. Ka3 Rb7 92. Nc1 Kc3 93. Na2+ Kc4 94. Nc1 Rb1 95. Na2 Rb3+ 96. Ka4 Rh3 97. Nb4 Rh8 98. Na6 Rh1 99. Ka5 Rb1 100. Nc7 Rb2 101. Na6 Rb5+ 102. Ka4 Rh5 103. Nb4 Rh6 104. Ka5 Rh5+ 105. Ka4 Rh1 106. Na2 Rb1 107. Ka3 Rb8 108. Nc1 Rb1 109. Na2 Ra1 110. Kb2 Rh1 111. Ka3 Rg1 112. Kb2 Rg2+ 113. Ka3 Rc2 114. Nb4 Rc3+ 115. Ka4 Rb3 116. Na6 Rb5 117. Nc7 Rb1 118. Ka5 Rb7 119. Na6 Ra7 120. Kb6 Rxa6+ 121. Kxa6 1/2-1/2

[Event "Santo Domingo zt 2.3 (Women)"]
[Site "Santo Domingo"]
[Date "2007.06.02"]
[Round "6"]
[White "Munoz Santana, Doribel"]
[Black "Estrada Gaspar, Nelly Massiel"]
[Result "0-1"]
[WhiteElo "1938"]
[BlackElo "2079"]
[PlyCount "46"]
[EventDate "2007.05.29"]
[EventType "tourn"]
[EventRounds "13"]
[EventCountry "DOM"]
[SourceTitle "CBM 118 Extra"]
[Source "ChessBase"]
[SourceDate "2007.07.04"]
[SourceVersion "1"]
[SourceVersionDate "2007.07.04"]
[SourceQuality "1"]

1. e4 c5 2. Nf3 g6 3. Bc4 Bg7 4. 0-0 Nc6 5. c3 e6 6. d4 cxd4 7. cxd4 d5 8. exd5 exd5 9. Bb3 Nge7 10. Nc3 Bg4 11. Be3 0-0 12. h3 Be6 13. Ne2 h6 14. Ng3 Kh7 15. Qd2 Na5 16. Bc2 Nc4 17. Qb4 Nxe3 18. fxe3 Qc7 19. Rf2 Nc6 20. Qb3 Qxg3 21. Qxb7 Rac8 22. Bd3 Bxh3 23. Ne1 Qxe3 0-1

[Event "Santo Domingo zt 2.3 (Women)"]
[Site "Santo Domingo"]
[Date "2007.05.30"]
[Round "2"]
[White "Munoz Santana, Doribel"]
[Black "Han Wong, Irene Estefania"]
[Result "0-1"]
[WhiteElo "1938"]
[BlackElo "2072"]
[PlyCount "108"]
[EventDate "2007.05.29"]
[EventType "tourn"]
[EventRounds "13"]
[EventCountry "DOM"]
[SourceTitle "CBM 118 Extra"]
[Source "ChessBase"]
[SourceDate "2007.07.04"]
[SourceVersion "1"]
[SourceVersionDate "2007.07.04"]
[SourceQuality "1"]

1. e4 c5 2. Nf3 d6 3. Bb5+ Bd7 4. Bxd7+ Qxd7 5. c4 Nc6 6. d4 cxd4 7. Nxd4 Nf6 8. Nc3 g6 9. 0-0 Bg7 10. Nde2 0-0 11. f3 Rfc8 12. Rb1 Rab8 13. b3 a6 14. Bb2 e6 15. Qd2 b5 16. cxb5 axb5 17. Qe3 b4 18. Na4 Qa7 19. Qxa7 Nxa7 20. Rbc1 d5 21. Be5 Rxc1 22. Rxc1 Rc8 23. Rxc8+ Nxc8 24. exd5 Nxd5 25. Bxg7 Kxg7 26. Nd4 Na7 27. Kf2 e5 28. Nc2 Nb5 29. g3 Kf6 30. h3 Ke7 31. Ke1 Kd6 32. Kd2 f5 33. Kd3 Kc6 34. h4 h5 35. Kd2 e4 36. f4 Kd6 37. Ke1 Nbc3 38. Nxc3 Nxc3 39. Nxb4 Kc5 40. a3 Kd4 41. Nc6+ Ke3 42. Ne5 Nd5 43. b4 Nc3 44. Kf1 Kd2 45. Nc4+ Kd3 46. Ne5+ Kd2 47. Nc4+ Kd1 48. Kf2 Kc2 49. a4 Nxa4 50. b5 Kc3 51. b6 Nc5 52. Na5 Nd7 53. b7 Nb8 54. Ke2 Kb4 0-1

[Event "Santo Domingo zt 2.3 (Women)"]
[Site "Santo Domingo"]
[Date "2007.05.29"]
[Round "1"]
[White "Pina Vega, Sulennis"]
[Black "Munoz Santana, Doribel"]
[Result "1-0"]
[WhiteElo "2322"]
[BlackElo "1938"]
[PlyCount "59"]
[EventDate "2007.05.29"]
[EventType "tourn"]
[EventRounds "13"]
[EventCountry "DOM"]
[SourceTitle "CBM 118 Extra"]
[Source "ChessBase"]
[SourceDate "2007.07.04"]
[SourceVersion "1"]
[SourceVersionDate "2007.07.04"]
[SourceQuality "1"]

1. e4 e5 2. Nf3 d6 3. d4 Nd7 4. Bc4 Be7 5. dxe5 dxe5 6. Qd5 Bb4+ 7. c3 Qe7 8. cxb4 Nb6 9. Qd3 Qxb4+ 10. Nbd2 Nxc4 11. Qxc4 Qxc4 12. Nxc4 f6 13. b3 Ne7 14. Ba3 Nc6 15. Ne3 Be6 16. Rd1 Rd8 17. Rxd8+ Kxd8 18. Ke2 Ke8 19. h3 Kf7 20. Rd1 Rc8 21. Nd5 a6 22. Bc5 Ke8 23. g4 Kf7 24. Nh4 g6 25. Be3 Ne7 26. Nxe7 Kxe7 27. Nf3 b6 28. Nd2 c5 29. Nc4 Rc6 30. Nxb6 1-0